| 000 | 00788nam a22002057a 4500 | ||
|---|---|---|---|
| 005 | 20120518153629.0 | ||
| 010 | _a | ||
| 020 |
_a _c120.00 |
||
| 035 | _aB-76594 | ||
| 037 | _b | ||
| 082 | _a512.5 | ||
| 100 |
_aठाकुर, बी.आर. _947378 |
||
| 245 |
_aरेखीय बीजगणित / _cबी.आर.ठाकुर |
||
| 260 |
_aआगरा _bराम प्रसाद एंड संस _c |
||
| 270 |
_a _b _e |
||
| 300 |
_a428पृ. _b _c22सेमी(सजिल्द) |
||
| 942 |
_2ddc _cHN _h512.5 _mठाकुर |
||
| 999 |
_c66859 _d66859 |
||